000
00276nam a2200097Ia 4500
008
220204s9999 xx 000 0 und d
082
_a
91(540)
_b
IND.2
245
0
_a
Gazetter of India. V 2.History and culture
260
_a
Delhi
_b
Min Information &Broadcasting
_c
1992
942
_c
BK
999
_c
40630
_d
40630